|
|
|
|
| LEADER |
01474nam a22003614a 4500 |
| 001 |
35630 |
| 003 |
BD-DhAAL |
| 005 |
20211206104338.0 |
| 008 |
191224t2004 caua b 001 0 eng d |
| 999 |
|
|
|c 42089
|d 42089
|
| 010 |
|
|
|a 2004003297
|
| 020 |
|
|
|a 1412904358 (pbk.)
|
| 020 |
|
|
|a 9781412904353
|
| 040 |
|
|
|a DLC
|c DLC
|d DLC
|d BD-DhAAL
|
| 042 |
|
|
|a pcc
|
| 043 |
|
|
|a n-us---
|
| 050 |
0 |
0 |
|a LC3993.2
|b .C73 2004
|
| 082 |
0 |
0 |
|a 371.95
|2 22
|
| 245 |
0 |
0 |
|a Creativity and giftedness /
|c edited by Donald J. Treffinger
|
| 260 |
|
|
|a Thousand Oaks, Calif. :
|b Corwin Press,
|c c2004.
|
| 300 |
|
|
|a xxx, 192 pages :
|b illustrations ;
|c 26 cm.
|
| 440 |
|
0 |
|a Essential readings in gifted education ;
|v 10
|9 38510
|
| 500 |
|
|
|a "A Joint Publication of Corwin Press and the National Association for Gifted Children."
|
| 504 |
|
|
|a Includes bibliographical references and index.
|
| 526 |
|
|
|a BIED
|
| 541 |
|
|
|a Complimentary copy from BIED
|e 35630
|
| 650 |
|
0 |
|a Gifted children
|x Education
|z United States.
|9 38511
|
| 650 |
|
0 |
|a Creative ability in children
|z United States.
|9 38512
|
| 700 |
1 |
|
|a Treffinger, Donald J.
|9 38513
|
| 710 |
2 |
|
|a National Association for Gifted Children (U.S.)
|9 38514
|
| 852 |
|
|
|a Ayesha Abed Library
|c BIED Collection
|
| 942 |
|
|
|2 ddc
|c BK
|
| 952 |
|
|
|0 0
|1 0
|2 ddc
|4 0
|6 371_950000000000000_CRE
|7 0
|9 67529
|a BRACUL
|b BRACUL
|c GEN
|d 2019-12-24
|e Complimentary copy from BIED
|l 0
|o 371.95 CRE
|p 3010035630
|r 2019-12-24
|t 1
|w 2019-12-24
|y BK
|x Transferred from BIED to General Stacks
|